000 00326nam a22001337a 4500
008 170522b xxu||||| |||| 00| 0 eng d
020 _a9780669354720
041 _aeng
080 _a94(7/8)
100 _a16
101 _aSHH
245 _aMAJOR PROBLEMS IN THE HISTORY OF AMERICAN TECHNOLOGY
_cSMITH, M.R
942 _2udc
_cBK
999 _c13684
_d13684